000 00310nam a2200145Ia 4500
100 _aReeve W.D.
942 _cBK
654 _aComputer
245 _aPower Builder : Function Reference 4.0
260 _bPower soft Corporations
082 _a5.1
_bPOW
300 _a861
546 _aENGLISH
999 _c18582
_d18582